000 00925cam a22001934a 4500
005 20250605164208.0
008 250528s ||||||||||||||||||||||||d
035 _a20132
020 _a155038656
040 _aGR-AtMCL
_bgre
_dGR-AtMCL
_eAACR2
245 1 _aAspects of Language
260 _bHarcourt, Brace & World, Inc,
_c1968
300 _a326
520 _aForeword, Born to Speak, Some Traits of Language, The Phonetic Elements, Structure in Language: The Units of Sound, Structure in Language: The Higher Levels, The Evolution of Language: Courses and Forces and Sounds and Spellings, The Evolution of Language: Meanings and Interpretations and Adjustments, The Evolution of Language: Views and Measurements, Dialect, Writing, The Evolving Approaches to Language, Mind in the Grip of Language, Some Practical Matters, Index.
700 1 _aBolinger Dwight
_96184
942 _cBK
999 _c5271
_d5271